| 000 | 00354nam a2200145Ia 4500 | ||
|---|---|---|---|
| 008 | 220216s9999 xx 000 0 und d | ||
| 100 | _aIllingworth J W | ||
| 245 | 0 | _aRubber in the textile factory | |
| 260 |
_bRubber Developments _c1953 |
||
| 300 | _a38-42 | ||
| 650 | _aRubber | ||
| 650 | _aTextile factory | ||
| 700 | _aPatterson P D | ||
| 942 | _cJS | ||
| 999 |
_c67706 _d67706 |
||